| 000 | 00441nam a2200181Ia 4500 | ||
|---|---|---|---|
| 001 | 47084 | ||
| 008 | 140429s9999 xx 000 0 und d | ||
| 020 | _aNA | ||
| 040 | _cPK-LaUMT | ||
| 082 |
_aRHC 891.4393 _bMAS-M |
||
| 100 | _aMasood Mufti | ||
| 245 |
_aMahaddab sheesah (Urdu) _cMasood Mufti |
||
| 260 |
_aIslamabad,Pakistan: _bIqra, _c1979 |
||
| 300 | _a288 p. | ||
| 546 | _aUR | ||
| 650 | _aPakistani literature-Urdu | ||
| 942 | _cBK | ||
| 999 |
_c45015 _d45015 |
||